00602nam a22001817a 450000500170000001000150001702000260003203500140005803700130007208200130008510000160009824501160011426000420023027000720027230000280034450000250037270000230039720171113102327.0 aENG-121309 a9788183876858c895.00 aEN-104841 bDBAD/PUB a332.0954 a Arulraj,A. aTowards stronger and sustainability of self help groups in South Asia /cby A. Arulraj [and] M. Santhanalakshmi aNew DelhibSerials Publicationsc2014 a4830/24, Prahlad Street, Ansari Road Darya Ganj bNew Delhie110002 a212p. :c22cm(Hb)bill. aIncludes references  dM. Santhanalakshmi